| 000 | 01089nam a22001937a 4500 | ||
|---|---|---|---|
| 003 | NUST | ||
| 005 | 20221115103838.0 | ||
| 020 | _a9788131503003 | ||
| 082 | _a621.367,SON | ||
| 100 |
_aSonka, Milan _9102603 |
||
| 245 |
_aImage Processing, Analysis and Machine Vision / _cMilan Sonka, Vaclav Hlavac, Roger Boyle |
||
| 250 | _a2nd Edition | ||
| 260 |
_aBrooks _bIndia _c2007 |
||
| 300 | _axxiii, 769 p | ||
| 505 | _aIntroduction (Page-1), The digitized image and its properties (Page-10), Data structures for image analysis (Page-42), Image pre-processing (Page-57), Segmentation (Page-123), Shape representation and description (Page-228), Object recognition (Page-290), Image understanding (Page-362), 3D vision, geometry, and radiometry (Page-441), Use of 3D vision (Page-508), Mathematical morphology (Page-559), Linear discrete image transforms (Page-600), Image data compression (Page-621), Texture (Page-646), Motion analysis (Page-679), Case studies (Page-722), | ||
| 650 |
_aImage Processing, Computer Vision _9102604 |
||
| 651 |
_aImage Analysis _9102605 |
||
| 942 |
_2ddc _cBK |
||
| 999 |
_c592299 _d592299 |
||